000 00990cam a2200313 a 4500
001 267211
003 ARRUPE
005 20150122170008.0
008 840213s1983 enk d 000 0 eng d
020 _a0860121097
035 _a(OCoLC)10357993
035 _a(OCoLC)ocm10357993
035 _a(CStRLIN)NYCG84-B7237
035 _a(NNC)267211
040 _aNNC
_cNNC
_dNNC
041 1 _aeng
_hger
050 _aREF BR95.R313 1983
100 1 _aRahner, Karl,
_d1904-1984.
_914338
240 1 0 _aKleines theologisches Wörterbuch.
_lEnglish
245 1 0 _aConcise theological dictionary /
_cKarl Rahner, Herbert Vorgrimler ; [translated by Richard Strachan ... et al.].
250 _a2nd ed.
260 _aLondon :
_bBurns & Oates,
_c1983.
300 _a541 p. ;
_c22 cm.
500 _aTranslation of: Kleines theologisches Wörterbuch.
650 0 _aTheology, Doctrinal
_vDictionaries.
_914340
700 1 _aVorgrimler, Herbert.
_91113
942 _2lcc
_cREFERENCE
999 _c121803
_d121803